000 00307pab a2200121 454500
008 180718b xxu||||| |||| 00| 0 eng d
100 _aMajumdar Udayan
245 _aThe Mega-city: in search of an urban answer
362 _a15 Dec 92, p.8
650 _aCities and Towns
773 _aStatesman
909 _a25752
999 _c25752
_d25752